The theory of numbers /
Guardado en:
| Autor Principal: | |
|---|---|
| Formato: | Libro |
| Idioma: | English |
| Publicado: |
New York :
Holt, Rinehart and Winston,
1960, c1955.
|
| Etiquetas: |
Agregar Etiqueta
Sin Etiquetas, Sea el primero en etiquetar este registro!
|
| LEADER | 00487nam a22001575a 4500 | ||
|---|---|---|---|
| 001 | MAT.inmabb000900 | ||
| 008 | 031119t19601955nyu###########001#0#eng#d | ||
| 005 | 20130227124049.0 | ||
| 245 | 1 | 4 | |a The theory of numbers / |c Burton W. Jones. |
| 260 | |a New York : |b Holt, Rinehart and Winston, |c 1960, c1955. | ||
| 300 | |a xi, 143 p. ; |c 22 cm. | ||
| 510 | 4 | |a MR, |c 16,673d | |
| 100 | 1 | |a Jones, Burton Wadsworth, |d 1902- | |
| 084 | |a 11-01 |2 msc2000 | ||
| 010 | |a 55006187 | ||
| 859 | |h 11 |i J76 |p A-728 |b BIB. MATEMATICA | ||
